000 01162cam a2200205 4500
001 WB3928-10
008 030722n2003 000 0 eng u
035 _a(Sirsi) u123081
245 _aHomes wait for sale
260 _c2003
490 _aRICS Press Release
_v(pr076) 21 July 2003 (3)
520 _aThe number of unsold properties on surveyors' books has risen to the highest level since September 2000 as sales levels continue to fall, according to the latest "RICS housing market survey England and Wales". In June the average number of unsold properties per surveyor was 78, up 9% since March and up 34% from this time last year. However, there are signs of buyers returning to the market, strengthening prices in London and southeast England, and improved confidence levels among surveyors. Graph. http://www.rics.org/ricscms/bin/show?class=PressRelease&template=/includes/showpr.html&id=962&faculty=RICS
590 _aWB
650 _aRICS HOUSING MARKET SURVEY ENGLAND AND WALES
650 _aHOUSE PRICES
650 _aSales
_96269
650 _aCONFIDENCE
690 _aPROPERTY-RESIDENTIAL PROPERTY-RESIDENTIAL PROPERTY MARKET
942 _n0
999 _c73088
_d73088